000 00691nam a2200253Ia 4500
003 OSt
005 20220918190749.0
006 a|||||r|||| 00| 0
007 ta
008 220917b |||||||| |||| 00| 0 eng d
024 _a59,412
037 _cTextual
040 _aARTS
_cARTS
_beng
041 _2eng
_aeng
082 _aQ141:24:9, K4;K1
100 _aChinmayananda Swami
_951383
245 0 _aDiscourses in prasnopanishad etc ed by P A C Ramaswamy Raja
250 _a3rd
260 _aNew Delhi
_bSheila Puri
_c1961
300 _a198p.
_ccm.
650 _aRELIGION
942 _hQ141:24:9, K4;K1
_cTEXL
_2CC
999 _c186752
_d186752